Top 50 Forwards of All-Time - Statistics

General Stats
  • This quiz has been taken 27 times
  • The average score is 26 of 50
Answer Stats
Rank Teams Player % Correct
1. CLE, MIA, LAL LeBron James
96%
2. SAS Tim Duncan
92%
9. DAL Dirk Nowitzki
88%
7. MIL Giannis Antetokounmpo
88%
8. UTA, LAL Karl Malone
88%
5. OKL, GSW, BKN, PHO Kevin Durant
88%
4. MIN, BOS, BKN Kevin Garnett
83%
3. BOS Larry Bird
83%
11. ATL Bob Pettit
79%
20. NOP, LAL Anthony Davis
75%
10. SAS, TOR, LAC Kawhi Leonard
75%
14. CHI, HOU, POR Scottie Pippen
75%
13. PHI, PHO, HOU Charles Barkley
71%
18. ATL, LAC, BOS, SAS, ORL Dominique Wilkins
71%
25. BOS Kevin McHale
71%
38. GSW Draymond Green
67%
34. DET, SAS, CHI, LAL, DAL Dennis Rodman
63%
6. NYN, PHI Julius Erving
63%
21. BOS, BKN, WAS, LAC Paul Pierce
63%
28. DEN, NYK, OKL, HOU, POR, LAL Carmelo Anthony
58%
27. LAL James Worthy
58%
16. LAL Elgin Baylor
54%
35. SEA, CLE, POR, ORL Shawn Kemp
54%
22. CHI, MIN, PHI, MIA Jimmy Butler
50%
12. BOS John Havlicek
50%
44. MIN, CLE, MIA Kevin Love
50%
15. SFW, NYN, HOU Rick Barry
50%
17. HOU, WAS Elvin Hayes
46%
30. BOS Jayson Tatum
46%
33. MIL, IND, DEN, DAL Alex English
42%
43. TOR, MIA Chris Bosh
42%
19. SYR Dolph Schayes
42%
23. IND, OKL, LAC Paul George
42%
47. PHO, MIA, TOR, DAL, CLE Shawn Marion
42%
45. DEN, PHI Bobby Jones
38%
37. GSW, IND Chris Mullin
33%
39. POR, SAS, BKN LaMarcus Aldridge
33%
41. MIL, LAC, GSW Marques Johnson
33%
31. NJN, UTA, GSW, NYK, WAS Bernard King
29%
36. GSW, WAS, SAC, PHI, DET Chris Webber
29%
50. DAL, DET, LAC Mark Aguirre
29%
42. BOS Tommy Heinsohn
29%
26. PHI Billy Cunningham
25%
48. TOR, SAS, CHI DeMar DeRozan
25%
32. DET, ORL, PHO, LAC Grant Hill
25%
29. CIN, SFW, NYK Jerry Lucas
21%
24. SFW Paul Arizin
21%
49. ATL Cliff Hagan
8%
40. DEN, SEA, NYK, NOJ, LAL, WAS Spencer Haywood
8%
46. NYK, DET Harry Gallatin
0%
No matching quizzes found
Score Distribution
Percent of People with Each Score
Percentile by Number Answered
Your Score History
You have not taken this quiz